00237nam a2200097Ia 4500008004100000100001700041245003500058260002200093942000700115999001700122190216s9999||||xx |||||||||||||| ||und|| aYogesan Nair 0aSookshma Moolagangal Krishiyil bKerala Basha Inst cBK c37796d37796